[Event "Riga Tech Open A 2016"]
[Site "Riga LAT"]
[Date "2016.08.11"]
[Round "5.6"]
[White "Neiksans, Arturs"]
[Black "Lugovskoy, Maxim"]
[Result "1-0"]
[WhiteTitle "GM"]
[BlackTitle "IM"]
[WhiteElo "2620"]
[BlackElo "2446"]
[WhiteFideId "11601388"]
[BlackFideId "24126454"]
[EventDate "2016.08.08"]

1. Nf3 d5 2. g3 g6 3. Bg2 Bg7 4. d4 Nf6 5. O-O O-O 6. c4 dxc4 7. Na3 c3 8. bxc3
c5 9. e3 Nc6 10. Qe2 Qa5 11. Bb2 Bg4 12. h3 Bxf3 13. Bxf3 Rfd8 14. Rfd1 Nd5 15.
Bxd5 Rxd5 16. e4 Rdd8 17. d5 Ne5 18. f4 Nd7 19. e5 Nb6 20. c4 Na4 21. Qd2 Qxd2
22. Rxd2 a6 23. Rb1 Rd7 24. Ba1 Rad8 25. Kf2 h5 26. Kf3 b5 27. cxb5 axb5 28.
Rxb5 Rxd5 29. Rxd5 Rxd5 30. Rb8+ Kh7 31. Ke2 g5 32. Nc4 h4 33. Rb3 hxg3 34. Rxg3
gxf4 35. Ra3 f3+ 36. Rxf3 Rd8 37. Rxf7 Kg6 38. Rxe7 Rb8 39. Ra7 Rb1 40. Ra6+ Kg5
41. Rxa4 Rxa1 42. Ra7 Kg6 43. e6 Bc3 44. e7 Re1+ 45. Kf2 Kf6 46. Ne3 Kf7 47. Nd5 1-0

[Event "Riga Tech Open A 2016"]
[Site "Riga LAT"]
[Date "2016.08.11"]
[Round "5.7"]
[White "Erdogdu, Mert"]
[Black "Fridman, Daniel"]
[Result "0-1"]
[WhiteTitle "IM"]
[BlackTitle "GM"]
[WhiteElo "2436"]
[BlackElo "2620"]
[WhiteFideId "6301495"]
[BlackFideId "11600454"]
[EventDate "2016.08.08"]

1. e4 e6 2. d4 d5 3. Nc3 Nf6 4. Bg5 Bb4 5. e5 h6 6. Bc1 Nfd7 7. Qg4 Bf8 8. Nf3
a6 9. Bd3 c5 10. O-O cxd4 11. Ne2 Nc6 12. Qg3 Qc7 13. Re1 Ndxe5 14. Kh1 g5 15.
Nxe5 Qxe5 16. f4 Qd6 17. Qh3 gxf4 18. Nxf4 Be7 19. Nh5 Bd7 20. Bf4 e5 21. Bf5
O-O-O 22. Bg3 Rhg8 23. Rf1 Rg5 24. Rf2 Rxf5 25. Rxf5 Rg8 26. Raf1 Rg5 27. Nf6
Rxf5 0-1

[Event "Riga Tech Open A 2016"]
[Site "Riga LAT"]
[Date "2016.08.11"]
[Round "5.8"]
[White "Weber, Tom"]
[Black "Miezis, Normunds"]
[Result "1-0"]
[WhiteTitle "IM"]
[BlackTitle "GM"]
[WhiteElo "2413"]
[BlackElo "2506"]
[WhiteFideId "4000609"]
[BlackFideId "11600136"]
[EventDate "2016.08.08"]

1. e4 c5 2. Nc3 e6 3. f4 d5 4. Nf3 dxe4 5. Nxe4 Nc6 6. d3 Nf6 7. g3 Be7 8. Bg2
Nxe4 9. dxe4 Qxd1+ 10. Kxd1 b6 11. c3 Ba6 12. Kc2 O-O-O 13. Ne1 Rd7 14. Be3 Rhd8
15. Bf3 Rc7 16. Bf2 Nb4+ 17. cxb4 cxb4+ 18. Kb1 Kb8 19. a4 b3 20. a5 Bb7 21. Ra4
Rdc8 22. Nd3 Ba6 23. Rd4 bxa5 24. Be3 Rd8 25. Rxd8+ Bxd8 26. Nc5 Bb5 27. Nxb3
Bd3+ 28. Ka1 Rc4 29. Nc5 Bb6 30. Nxd3 Bxe3 31. Kb1 f6 32. Re1 Bb6 33. e5 Rd4 34.
Kc2 f5 35. b3 Kc7 36. Ra1 h6 37. h4 Kd8 38. Ra4 Rd7 39. h5 Ke7 40. Rc4 Be3 41.
Rc6 Rd8 42. g4 Rd4 43. gxf5 exf5 44. Rc7+ Kd8 45. Rxg7 Rd7 46. Rxd7+ Kxd7 47.
Bd5 Ke7 48. Kc3 1-0

[Event "Riga Tech Open A 2016"]
[Site "Riga LAT"]
[Date "2016.08.11"]
[Round "5.9"]
[White "Ly, Moulthun"]
[Black "Korchmar, Vasiliy"]
[Result "1-0"]
[WhiteTitle "IM"]
[BlackTitle "IM"]
[WhiteElo "2501"]
[BlackElo "2410"]
[WhiteFideId "3204405"]
[BlackFideId "24131750"]
[EventDate "2016.08.08"]

1. e4 e5 2. Nf3 Nc6 3. Bb5 a6 4. Ba4 Nf6 5. O-O Be7 6. d3 b5 7. Bb3 d6 8. c3 O-O
9. Re1 Na5 10. Bc2 c5 11. Nbd2 Nc6 12. Nf1 h6 13. Ne3 Re8 14. h3 Bf8 15. Nh2 d5
16. Qf3 d4 17. Nd5 Nxd5 18. exd5 Na5 19. Ng4 Bxg4 20. hxg4 Nb7 21. Bd2 Nd6 22.
g3 g6 23. Kg2 Bg7 24. cxd4 exd4 25. Rh1 g5 26. Rac1 Rc8 27. Bb1 Re5 28. Rhe1
Rxe1 29. Bxe1 Qf6 30. Qxf6 Bxf6 31. a3 Kf8 32. b3 Ke8 33. Bc2 Kd7 34. Bd1 Bg7
35. a4 b4 36. Bf3 Bf6 37. Bd2 Bg7 38. Kf1 Rc7 39. Ke2 Ne8 40. Be4 Kd6 41. f4 Nf6
42. fxg5 hxg5 43. Bxg5 Nxd5 44. Kf3 Rc8 45. Rh1 Rh8 46. Rh5 Be5 47. Bxd5 Kxd5
48. Bf4 Rxh5 49. gxh5 f5 50. Bxe5 Kxe5 51. h6 Kf6 52. g4 fxg4+ 53. Kxg4 Kg6 54.
Kf4 Kxh6 55. Ke4 Kg5 56. a5 Kg4 57. Kd5 Kf3 58. Kxc5 Ke3 59. Kc4 1-0

[Event "Riga Tech Open A 2016"]
[Site "Riga LAT"]
[Date "2016.08.11"]
[Round "5.10"]
[White "Petrov, Nikita"]
[Black "Szotkowski, Jakub"]
[Result "1-0"]
[WhiteTitle "IM"]
[WhiteElo "2490"]
[BlackElo "2406"]
[WhiteFideId "4101286"]
[BlackFideId "330590"]
[EventDate "2016.08.08"]

1. Nf3 c5 2. c4 Nc6 3. Nc3 g6 4. e3 Nf6 5. d4 cxd4 6. exd4 d5 7. Bg5 Ne4 8. cxd5
Nxc3 9. bxc3 Qxd5 10. Be2 Bg7 11. O-O O-O 12. Re1 Bf5 13. Qb3 Qxb3 14. axb3 h6
15. Bh4 g5 16. Bg3 g4 17. Nd2 e5 18. dxe5 Nxe5 19. Bxe5 Bxe5 20. Bxg4 Bxh2+ 21.
Kxh2 Bxg4 22. Re7 b5 23. Raxa7 Rxa7 24. Rxa7 Rc8 25. Ne4 Be2 26. Rd7 f5 27. Ng3
Bg4 28. Rd5 f4 29. Ne4 b4 30. c4 Kg7 31. f3 Be6 32. Rb5 Rd8 33. Rxb4 Rd1 34.
Rb7+ Kg6 35. Rb6 Kf5 36. Rb5+ Kg6 37. Rb6 Kf5 38. Nc5 Bf7 39. Rxh6 Ke5 40. Rh7
Kf6 41. Ne4+ Kg6 42. Rh4 Kf5 43. Rg4 Rd4 44. Rg5+ Ke6 45. Kh3 1-0

[Event "Riga Tech Open A 2016"]
[Site "Riga LAT"]
[Date "2016.08.11"]
[Round "5.11"]
[White "Krupenski, Juri"]
[Black "Aryan, Chopra"]
[Result "1-0"]
[WhiteTitle "FM"]
[BlackTitle "IM"]
[WhiteElo "2409"]
[BlackElo "2485"]
[WhiteFideId "4501101"]
[BlackFideId "5084423"]
[EventDate "2016.08.08"]

1. d4 d5 2. c4 c6 3. cxd5 cxd5 4. Nc3 Nf6 5. Nf3 Nc6 6. Bf4 a6 7. Rc1 Bf5 8. Ne5
Qb6 9. Nxc6 bxc6 10. Na4 Qb7 11. f3 Nd7 12. g4 Bg6 13. Qb3 Qxb3 14. axb3 e5 15.
dxe5 Bb4+ 16. Kf2 c5 17. h4 h6 18. Bh3 Nf8 19. g5 Ne6 20. Bxe6 fxe6 21. h5 Bf5
22. gxh6 gxh6 23. Nxc5 Kf7 24. Nb7 Rac8 25. Bxh6 Rxc1 26. Bxc1 Rb8 27. h6 Kg6
28. Rg1+ Kh5 29. Rh1+ Kg6 30. Nd6 Bc5+ 31. Ke1 Bxd6 32. Rg1+ Kf7 33. Rg7+ 1-0

[Event "Riga Tech Open A 2016"]
[Site "Riga LAT"]
[Date "2016.08.11"]
[Round "5.12"]
[White "Harutyunian, Tigran K."]
[Black "Lapshun, Yury"]
[Result "1-0"]
[WhiteTitle "IM"]
[BlackTitle "IM"]
[WhiteElo "2485"]
[BlackElo "2396"]
[WhiteFideId "13303635"]
[BlackFideId "2006960"]
[EventDate "2016.08.08"]

1. c4 e5 2. Nc3 Nf6 3. Nf3 Nc6 4. e4 d6 5. Be2 Bg4 6. O-O Be7 7. d3 O-O 8. Be3
Qd7 9. Qd2 Rfe8 10. Nd5 Nd8 11. h3 Bxf3 12. Bxf3 Ne6 13. Nxe7+ Qxe7 14. g3 c5
15. Rae1 Reb8 16. Bd1 Nd4 17. f4 Nd7 18. Rf2 a6 19. Ref1 f6 20. f5 b5 21. g4
bxc4 22. dxc4 Qf7 23. Qc1 Rb4 24. a3 Rb7 25. h4 a5 26. g5 Nb6 27. Rg2 Kh8 28. h5
Nxc4 29. g6 Qg8 30. gxh7 Kxh7 31. h6 Nxe3 32. Qxe3 Qf8 33. hxg7 Rxg7 34. Rf2
Raa7 35. Bh5 Rxg2+ 36. Rxg2 Rg7 37. Bg6+ Kg8 38. Qh3 Qe7 39. Rh2 Kf8 40. b4 Ne6
41. bxc5 Nf4 42. Qh8+ Rg8 43. Qh6+ Rg7 44. Rb2 1-0

[Event "Riga Tech Open A 2016"]
[Site "Riga LAT"]
[Date "2016.08.11"]
[Round "5.13"]
[White "Martynov, Pavel2"]
[Black "Kollars, Dmitrij"]
[Result "1/2-1/2"]
[WhiteTitle "FM"]
[BlackTitle "IM"]
[WhiteElo "2389"]
[BlackElo "2483"]
[WhiteFideId "4122186"]
[BlackFideId "12909572"]
[EventDate "2016.08.08"]

1. Nf3 c5 2. g3 Nc6 3. Bg2 g6 4. O-O Bg7 5. e4 Nf6 6. Qe2 O-O 7. Na3 d5 8. d3 e5
9. Bg5 d4 10. Nc4 h6 11. Bd2 Ne8 12. a4 Nd6 13. Nxd6 Qxd6 14. Nh4 Qe7 15. Qe1
Nb4 16. Rc1 Na2 17. Ra1 Nb4 18. Rc1 Bd7 19. b3 Na2 20. Ra1 Nb4 21. Rc1 b5 22.
axb5 Bxb5 23. f4 a5 24. f5 Kh7 25. g4 Bf6 26. fxg6+ fxg6 27. Rxf6 Qxf6 28. g5
hxg5 29. Nf3 Bd7 30. Bxg5 Qe6 31. Qh4+ Kg8 32. Bh6 Rf7 33. Qg3 Re7 34. Bh3 Qd6
35. Bxd7 Rxd7 36. Nxe5 Re7 37. Bf4 g5 38. Kh1 Rg7 39. Rg1 Re8 40. Qxg5 Rxg5 41.
Rxg5+ Kh7 42. Rh5+ Kg7 43. Rg5+ Kh7 44. Rh5+ 1/2-1/2

[Event "Riga Tech Open A 2016"]
[Site "Riga LAT"]
[Date "2016.08.11"]
[Round "5.14"]
[White "Kantans, Toms"]
[Black "Soskov, Vjatsheslav"]
[Result "1-0"]
[WhiteTitle "IM"]
[WhiteElo "2482"]
[BlackElo "2277"]
[WhiteFideId "11602945"]
[BlackFideId "4501918"]
[EventDate "2016.08.08"]

1. e4 c5 2. Nf3 e6 3. d4 cxd4 4. Nxd4 Nc6 5. Nc3 Qc7 6. Be2 a6 7. O-O Nf6 8. Be3
Bb4 9. Na4 O-O 10. c4 Nxe4 11. Bf3 f5 12. Bxe4 fxe4 13. c5 Qe5 14. Nb6 Rb8 15.
Rc1 d5 16. Nxc6 bxc6 17. Qa4 Rxb6 18. cxb6 Bd6 19. g3 Bb7 20. Rxc6 Bxc6 21. Qxc6
d4 22. Bf4 Rxf4 23. gxf4 Qf5 24. f3 e3 25. Qxd6 e2 26. Re1 d3 27. b7 1-0

[Event "Riga Tech Open A 2016"]
[Site "Riga LAT"]
[Date "2016.08.11"]
[Round "5.15"]
[White "Cukrowski, Filip"]
[Black "Kriebel, Tadeas"]
[Result "1-0"]
[WhiteTitle "FM"]
[BlackTitle "IM"]
[WhiteElo "2381"]
[BlackElo "2462"]
[WhiteFideId "1171097"]
[BlackFideId "330027"]
[EventDate "2016.08.08"]

1. e4 e5 2. Nf3 Nc6 3. Bb5 a6 4. Ba4 Nf6 5. O-O b5 6. Bb3 Bb7 7. d3 Be7 8. Nc3
O-O 9. a3 d6 10. Bg5 Kh8 11. h3 h6 12. Be3 Nh7 13. Bd5 Nf6 14. Bb3 Nb8 15. Ne2
c5 16. Ng3 Kh7 17. Qd2 Bc8 18. a4 b4 19. c3 Nc6 20. Bc2 bxc3 21. bxc3 Na5 22.
Qe2 Be6 23. Nd2 Kg8 24. f4 exf4 25. Bxf4 Nc6 26. Nf3 Nh7 27. d4 cxd4 28. cxd4
Nb4 29. Bb1 a5 30. Kh2 Ng5 31. Nxg5 Bxg5 32. Ra3 Re8 33. Bxg5 Qxg5 34. Nh5 Bc4
35. Qxc4 Qxh5 36. Rf5 Qg6 37. Rg3 Qe6 38. d5 Qe7 39. e5 dxe5 40. Qe4 g6 41. Rh5
Ra6 42. Qe3 e4 43. Qxh6 Qf6 44. Rh4 Qg7 45. Qxg7+ Kxg7 46. Rxe4 Rxe4 47. Bxe4
Kf6 48. Rc3 Ke5 49. Bf3 Kd4 50. Rc7 f5 51. Kg3 Na2 52. Rc6 Nb4 53. Rxa6 Nxa6 54.
Kf4 Nc5 55. Bd1 Kxd5 56. Kg5 Ke5 57. Kxg6 Nd3 58. h4 Nf4+ 59. Kg7 Nxg2 60. h5
Nf4 61. h6 Ne6+ 62. Kg6 Nf8+ 63. Kf7 Nh7 64. Kg7 Nf6 65. h7 Nxh7 66. Kxh7 f4 67.
Kg6 Ke4 68. Be2 f3 69. Bb5 Kf4 70. Kf6 f2 71. Ke6 Ke4 72. Bf1 Kd4 73. Kd6 Kc3
74. Kc5 1-0

[Event "Riga Tech Open A 2016"]
[Site "Riga LAT"]
[Date "2016.08.11"]
[Round "6.1"]
[White "Chigaev, Maksim"]
[Black "Melkumyan, Hrant"]
[Result "1/2-1/2"]
[WhiteTitle "IM"]
[BlackTitle "GM"]
[WhiteElo "2550"]
[BlackElo "2650"]
[WhiteFideId "4108116"]
[BlackFideId "13302485"]
[EventDate "2016.08.08"]

1. d4 Nf6 2. Bf4 d5 3. e3 c5 4. c3 Nc6 5. Nd2 e6 6. Ngf3 Bd6 7. Bg3 O-O 8. Bd3
b6 9. Qe2 Bb7 10. Rd1 cxd4 11. exd4 a5 12. Ne5 Be7 13. Ndf3 Nxe5 14. dxe5 Nh5
15. Nd4 g6 16. f4 Bc5 17. Qg4 Bxd4 18. cxd4 Ba6 19. Bxa6 Rxa6 20. Bh4 Qd7 21.
O-O f5 22. exf6 Nxf6 23. Qe2 Raa8 24. Bxf6 Rxf6 25. g3 Rc8 26. Rfe1 Rff8 27. Rc1 1/2-1/2

[Event "Riga Tech Open A 2016"]
[Site "Riga LAT"]
[Date "2016.08.11"]
[Round "6.2"]
[White "Baghdasaryan, Vahe"]
[Black "Naroditsky, Daniel"]
[Result "1/2-1/2"]
[WhiteTitle "IM"]
[BlackTitle "GM"]
[WhiteElo "2488"]
[BlackElo "2646"]
[WhiteFideId "13303139"]
[BlackFideId "2026961"]
[EventDate "2016.08.08"]

1. e4 e6 2. d4 d5 3. Nc3 Nf6 4. Bg5 dxe4 5. Nxe4 Be7 6. Bxf6 gxf6 7. Nf3 a6 8.
c4 f5 9. Nc3 Bf6 10. Qd3 c5 11. d5 e5 12. Nd2 e4 13. Qc2 h5 1/2-1/2

[Event "Riga Tech Open A 2016"]
[Site "Riga LAT"]
[Date "2016.08.11"]
[Round "6.3"]
[White "Kravtsiv, Martyn"]
[Black "Neiksans, Arturs"]
[Result "1/2-1/2"]
[WhiteTitle "GM"]
[BlackTitle "GM"]
[WhiteElo "2631"]
[BlackElo "2620"]
[WhiteFideId "14113147"]
[BlackFideId "11601388"]
[EventDate "2016.08.08"]

1. e4 c5 2. Nf3 e6 3. d4 cxd4 4. Nxd4 Nc6 5. Nc3 Qc7 6. Be2 a6 7. O-O Nf6 8. Kh1
Nxd4 9. Qxd4 Bc5 10. Qd2 O-O 11. Qg5 d6 12. Qh4 b5 13. Bd3 Bb7 14. Bg5 Nd7 15.
Be7 Rfe8 16. e5 h6 17. exd6 Bxd6 18. Bxd6 Qxd6 19. Rad1 1/2-1/2

[Event "Riga Tech Open A 2016"]
[Site "Riga LAT"]
[Date "2016.08.11"]
[Round "6.4"]
[White "Wieczorek, Oskar"]
[Black "Goganov, Aleksey"]
[Result "0-1"]
[WhiteTitle "IM"]
[BlackTitle "GM"]
[WhiteElo "2458"]
[BlackElo "2627"]
[WhiteFideId "1133950"]
[BlackFideId "24109959"]
[EventDate "2016.08.08"]

1. e4 e5 2. Nf3 Nc6 3. Bb5 a6 4. Ba4 Nf6 5. O-O Be7 6. Re1 b5 7. Bb3 d6 8. c3
O-O 9. h3 Bb7 10. d4 Nd7 11. Nbd2 exd4 12. cxd4 Na5 13. Bc2 c5 14. Nf1 Re8 15.
Ng3 g6 16. h4 Bf6 17. Bg5 Nc6 18. Bb3 Nxd4 19. Nxd4 cxd4 20. Qf3 Qe7 21. Rad1
Bxg5 22. hxg5 Nc5 23. Rxd4 Nxb3 24. Qxb3 Qxg5 25. Rxd6 Re7 26. e5 Rae8 27. Ne4
Bxe4 28. Rxe4 Qc1+ 29. Rd1 Qc5 30. Rd5 Qc1+ 31. Rd1 Qc6 32. Rde1 Re6 33. Qd3 Qc5
34. b4 Qc7 35. Qd4 Rd8 36. Qe3 Qc2 37. Re2 Rd1+ 38. Kh2 Qb1 39. f3 Kg7 40. Rd4
Rh1+ 41. Kg3 h5 42. Rh4 Rxh4 43. Kxh4 Qxb4+ 44. Kg3 Rc6 45. Qg5 Qc4 46. Rd2 Qc1
47. Kh2 b4 48. Qf4 a5 49. Qd4 Qc3 50. Qf4 Qc1 51. Qd4 Qc4 52. Qxc4 Rxc4 53. Rd5
a4 54. Ra5 a3 55. Rb5 g5 56. Rb6 Rc2 57. Rxb4 Rxa2 58. Ra4 Kg6 59. Ra7 h4 60.
Kh3 Ra1 61. Kg4 Rg1 62. Ra6+ Kg7 63. Rxa3 Rxg2+ 64. Kf5 h3 65. Ra1 h2 66. Rh1
Kh7 67. Kf6 Kg8 68. e6 fxe6 69. Ra1 Rg3 70. Rf1 Rxf3+ 0-1

[Event "Riga Tech Open A 2016"]
[Site "Riga LAT"]
[Date "2016.08.11"]
[Round "6.5"]
[White "Fridman, Daniel"]
[Black "Weber, Tom"]
[Result "1-0"]
[WhiteTitle "GM"]
[BlackTitle "IM"]
[WhiteElo "2620"]
[BlackElo "2413"]
[WhiteFideId "11600454"]
[BlackFideId "4000609"]
[EventDate "2016.08.08"]

1. Nf3 Nf6 2. c4 g6 3. Nc3 Bg7 4. e4 c5 5. d4 cxd4 6. Nxd4 Nc6 7. Be3 d6 8. Be2
Nxd4 9. Bxd4 O-O 10. O-O Bd7 11. f3 a5 12. Qd2 Bc6 13. b3 Nd7 14. Be3 Nc5 15.
Rac1 Qb6 16. Nb5 Rfc8 17. Rfd1 Qd8 18. Bf1 Qf8 19. Nd4 Bd7 20. g3 h5 21. Bg2 Bf6
22. Ne2 Bc6 23. Nd4 Bd7 24. Ne2 Bc6 25. Bh3 Rc7 26. Nf4 b6 27. Nd5 Bxd5 28. cxd5
b5 29. Qe2 Qb8 30. Qf2 b4 31. Bxc5 Rxc5 32. Rxc5 dxc5 33. Qxc5 Qd6 34. Qc2 Bc3
35. f4 f6 36. Be6+ Kg7 37. Kg2 Ra7 38. Qe2 Ra8 39. Qc2 Ra7 40. h4 Ra8 41. Kh3
Ra7 42. e5 fxe5 43. f5 Ra8 44. fxg6 Rf8 45. Bf7 Qf6 46. Kg2 e4 47. Qxe4 Qe5 48.
Qd3 Rd8 49. Rf1 e6 50. Bxe6 Qxe6 51. Rf7+ Kg8 52. dxe6 Rxd3 53. e7 1-0

[Event "Riga Tech Open A 2016"]
[Site "Riga LAT"]
[Date "2016.08.11"]
[Round "6.6"]
[White "Ladva, Ottomar"]
[Black "Ly, Moulthun"]
[Result "1/2-1/2"]
[WhiteTitle "IM"]
[BlackTitle "IM"]
[WhiteElo "2453"]
[BlackElo "2501"]
[WhiteFideId "4500024"]
[BlackFideId "3204405"]
[EventDate "2016.08.08"]

1. d4 Nf6 2. c4 e6 3. Nf3 b6 4. g3 Bb7 5. Bg2 Be7 6. O-O O-O 7. Re1 Na6 8. Ne5
Bxg2 9. Kxg2 c5 10. d5 Qc7 11. Nf3 Ne4 12. a3 Qb7 13. Qd3 f5 14. Nc3 Nxc3 15.
bxc3 exd5 16. cxd5 c4 17. Qxc4 Rac8 18. Qa2 Bf6 19. Bb2 b5 20. Nd2 Nc5 21. c4
Bxb2 22. Qxb2 bxc4 23. Qxb7 Nxb7 24. Nb1 Nc5 25. Nc3 Rb8 26. Rac1 Rfc8 27. Nd1
Ne4 28. Ne3 Nd6 29. Rc3 Rb3 30. Rec1 Rxc3 31. Rxc3 Kf7 32. f4 Kf6 33. g4 g6 34.
g5+ Kg7 35. Rc2 c3 36. Nd1 Ne4 37. Kf3 Rc5 38. Nf2 Nxf2 39. Kxf2 Kf7 40. Ke3 Rc4
41. Kd3 Rxf4 42. Rxc3 Ra4 43. Kd2 Rh4 44. Rc7 Ke7 45. Rxa7 Rxh2 46. a4 Rg2 47.
a5 Rxg5 48. a6 f4 49. Kd3 Rxd5+ 50. Ke4 Rd2 51. Kf3 Ra2 52. Ra8 Ra4 53. a7 g5
54. Rg8 Rxa7 55. Rxg5 Kf6 56. Rh5 Kg6 57. Rd5 Kf6 58. Kxf4 Ke6 59. Rh5 d6 60. e4
Re7 61. Ke3 1/2-1/2

[Event "Riga Tech Open A 2016"]
[Site "Riga LAT"]
[Date "2016.08.11"]
[Round "6.7"]
[White "Shevchenko, Kirill"]
[Black "Petrov, Nikita"]
[Result "1/2-1/2"]
[WhiteTitle "FM"]
[BlackTitle "IM"]
[WhiteElo "2443"]
[BlackElo "2490"]
[WhiteFideId "14129574"]
[BlackFideId "4101286"]
[EventDate "2016.08.08"]

1. e4 d5 2. exd5 Qxd5 3. Nc3 Qd6 4. d4 Nf6 5. Nf3 Bg4 6. h3 Bh5 7. g4 Bg6 8. Ne5
Nbd7 9. Qe2 Qxd4 10. Nxg6 hxg6 11. Bg2 c6 12. Be3 Qe5 13. O-O-O e6 14. f4 Qc7
15. g5 Nh5 16. Qf2 Bb4 17. Ne4 Nb6 18. Bc5 Bxc5 19. Qxc5 Qe7 20. Nd6+ Kf8 21.
Nxb7 1/2-1/2

[Event "Riga Tech Open A 2016"]
[Site "Riga LAT"]
[Date "2016.08.11"]
[Round "6.8"]
[White "Krupenski, Juri"]
[Black "Harutyunian, Tigran K."]
[Result "1-0"]
[WhiteTitle "FM"]
[BlackTitle "IM"]
[WhiteElo "2409"]
[BlackElo "2485"]
[WhiteFideId "4501101"]
[BlackFideId "13303635"]
[EventDate "2016.08.08"]

1. e4 e5 2. Nf3 Nc6 3. d4 exd4 4. Nxd4 Bc5 5. Nxc6 Qf6 6. Qf3 bxc6 7. Nd2 d6 8.
Nb3 Bb6 9. a4 a5 10. Bd2 Qxf3 11. gxf3 Ne7 12. Rg1 O-O 13. Be3 Bxe3 14. fxe3 f5
15. e5 dxe5 16. Bc4+ Kh8 17. O-O-O Ng6 18. Nc5 f4 19. e4 Bh3 20. Rg5 Rad8 21.
Rh5 Rxd1+ 22. Kxd1 Rd8+ 23. Ke2 Bc8 24. Bf7 Nf8 25. Rxe5 g6 26. Re7 Bd7 27. e5
Bf5 28. Rxc7 Bxc2 29. e6 Bd1+ 30. Ke1 Rd5 31. e7 1-0

[Event "Riga Tech Open A 2016"]
[Site "Riga LAT"]
[Date "2016.08.11"]
[Round "6.9"]
[White "Meribanov, Vitaly"]
[Black "Kantans, Toms"]
[Result "0-1"]
[WhiteTitle "IM"]
[BlackTitle "IM"]
[WhiteElo "2400"]
[BlackElo "2482"]
[WhiteFideId "13504363"]
[BlackFideId "11602945"]
[EventDate "2016.08.08"]

1. e4 c5 2. Nf3 d6 3. d4 cxd4 4. Nxd4 Nf6 5. Nc3 a6 6. Be2 e5 7. Nb3 Be6 8. f4
Be7 9. f5 Bd7 10. a4 Bc6 11. Bf3 Nbd7 12. Be3 O-O 13. g4 h6 14. h4 Nh7 15. Bf2
b5 16. a5 Rc8 17. Qd2 b4 18. Na2 Nc5 19. Qxb4 Nxe4 20. Bxe4 d5 21. Bc5 Bxh4+ 22.
Rxh4 Qxh4+ 23. Bf2 Qh2 24. Bd3 Ng5 25. Bxa6 Qh1+ 26. Kd2 Ne4+ 27. Ke2 Qg2 28.
Rf1 Rb8 29. Qa3 Rfc8 30. Ke1 Bb5 31. Bxb5 Rxc2 32. Be2 Rxe2+ 33. Kxe2 Ng3+ 34.
Kd2 Nxf1+ 35. Ke1 Ng3 0-1

[Event "Riga Tech Open A 2016"]
[Site "Riga LAT"]
[Date "2016.08.11"]
[Round "6.10"]
[White "Hovhannisyan, Robert"]
[Black "Cukrowski, Filip"]
[Result "1-0"]
[WhiteTitle "GM"]
[BlackTitle "FM"]
[WhiteElo "2634"]
[BlackElo "2381"]
[WhiteFideId "13302507"]
[BlackFideId "1171097"]
[EventDate "2016.08.08"]

1. e4 c5 2. Nf3 d6 3. d4 cxd4 4. Nxd4 Nf6 5. Nc3 Nc6 6. Be2 e5 7. Nf3 Be7 8. Bg5
O-O 9. O-O Be6 10. Bxf6 Bxf6 11. Nd5 Bxd5 12. Qxd5 Qc7 13. c3 Ne7 14. Qb3 Qc6
15. Nd2 Bg5 16. Bb5 Qc5 17. Rfd1 Kh8 18. Bf1 b6 19. Qc4 Rad8 20. Qxc5 dxc5 21.
Nc4 Ng6 22. g3 Rxd1 23. Rxd1 Rd8 24. Rxd8+ Bxd8 25. Nd6 Kg8 26. Bc4 Nh8 27. Kf1
Kf8 28. Nc8 a5 29. Ke2 Bc7 30. Kd3 Ng6 31. Na7 Ne7 32. Ba6 Bb8 33. Nb5 Ke8 34.
Kc4 Kd7 35. Bb7 f6 36. a4 h6 37. Na3 Kc7 38. Bd5 Kd7 39. Ba8 Nc8 40. Kb5 Bc7 41.
Bc6+ Kd8 42. Bd5 Kd7 43. Bc6+ Kd8 44. Bb7 Nd6+ 45. Kc6 Nxe4 46. Nb5 Bb8 47. Kxb6
Nxf2 48. Kxa5 e4 49. Kb6 e3 50. Bf3 Nd3 51. a5 Nxb2 52. Kb7 Nc4 53. a6 Ne5 54.
Kxb8 Nxf3 55. a7 e2 56. a8=Q e1=Q 57. Qxf3 Qd2 58. Qb7 1-0

[Event "Riga Tech Open A 2016"]
[Site "Riga LAT"]
[Date "2016.08.11"]
[Round "6.11"]
[White "Kovalev, Vladislav"]
[Black "Krivonosov, Oleg"]
[Result "1-0"]
[WhiteTitle "GM"]
[BlackTitle "IM"]
[WhiteElo "2608"]
[BlackElo "2459"]
[WhiteFideId "13504398"]
[BlackFideId "11600349"]
[EventDate "2016.08.08"]

1. e4 e5 2. Nf3 Nc6 3. Bc4 Bc5 4. c3 Nf6 5. d3 d6 6. O-O h6 7. a4 a6 8. Na3 O-O
9. Re1 Ba7 10. Nc2 Ne7 11. Be3 Ng6 12. Bxa7 Rxa7 13. Ne3 Ra8 14. d4 c6 15. dxe5
Nxe5 16. Nxe5 dxe5 17. Qxd8 Rxd8 18. f3 Kf8 19. a5 Ne8 20. Ba2 Nd6 21. Red1 Ke7
22. Rd2 Be6 23. Bxe6 fxe6 24. Rad1 c5 25. Kf2 c4 26. Ke2 Rac8 27. Ra1 Rc5 28.
Ra4 Rdc8 29. Kd1 Rb5 30. Kc2 Rbc5 31. h4 h5 32. Ra1 g6 33. Rad1 Rd8 34. g4 hxg4
35. fxg4 Nf7 36. Rxd8 Nxd8 37. g5 Nf7 38. Ng4 Rc8 39. Nf6 Nd6 40. Rh1 Rh8 41.
Rh2 Nf7 42. Ng4 Rd8 43. h5 gxh5 44. Rxh5 Rg8 45. Rh7 Rxg5 46. Nh6 Rg2+ 47. Kb1
Rf2 48. Ka2 Ke8 49. Rxf7 Rxf7 50. Nxf7 Kxf7 51. Ka3 Ke7 52. Kb4 Kd6 53. Kxc4 Kc6
54. b4 1-0

[Event "Riga Tech Open A 2016"]
[Site "Riga LAT"]
[Date "2016.08.11"]
[Round "6.12"]
[White "Kollars, Dmitrij"]
[Black "Stupak, Kirill"]
[Result "1/2-1/2"]
[WhiteTitle "IM"]
[BlackTitle "GM"]
[WhiteElo "2483"]
[BlackElo "2575"]
[WhiteFideId "12909572"]
[BlackFideId "13503758"]
[EventDate "2016.08.08"]

1. e4 e6 2. d4 d5 3. Nc3 Bb4 4. e5 c5 5. a3 Bxc3+ 6. bxc3 Qa5 7. Bd2 Qa4 8. Qg4
Kf8 9. Qd1 b6 10. Nf3 Ba6 11. Bxa6 Qxa6 12. a4 Nd7 13. Qe2 Qxe2+ 14. Kxe2 Ne7
15. a5 cxd4 16. axb6 Nxb6 17. Rhb1 Nec8 18. cxd4 Ke7 19. Bb4+ Kd7 20. Rb3 Nc4
21. Nd2 Rb8 1/2-1/2

[Event "Riga Tech Open A 2016"]
[Site "Riga LAT"]
[Date "2016.08.11"]
[Round "6.13"]
[White "Kozionov, Kirill"]
[Black "Mastrovasilis, Athanasios"]
[Result "1/2-1/2"]
[WhiteTitle "IM"]
[BlackTitle "GM"]
[WhiteElo "2453"]
[BlackElo "2555"]
[WhiteFideId "24101729"]
[BlackFideId "4201990"]
[EventDate "2016.08.08"]

1. e4 e5 2. Nf3 Nc6 3. Bc4 Bc5 4. c3 Nf6 5. d3 a6 6. a4 Ba7 7. O-O d6 8. Na3 Ne7
9. Nc2 Ng6 10. Be3 O-O 11. Bxa7 Rxa7 12. Ne3 a5 13. Qc2 c6 14. Rfe1 d5 15. Ba2
b6 16. Rad1 Re7 17. Nf5 Ree8 18. c4 Be6 19. cxd5 1/2-1/2